000 00842nam a2200241 c 4500
005 20201126113814.0
008 120830s2018 sz a|||fr|||| 00| 0 eng d
020 _a9783037785348
040 _aCO-BoUCM
_bspa
_cDeissy Garcia
_dDeissy Garcia
041 _aeng
100 1 _aDeutinger, Theo
_9101114
245 1 0 _aHandbook of tyranny
_cTheo Deutinger
260 _aZürich (Suiza)
_bLars Müller Publishers
_c2017
300 _a160 páginas
_bilustraciones
504 _aIncluye referencias bibliográficas
650 1 7 _aArte y sociedad
_99532
650 1 7 _921976
_aPolítica en el arte
650 1 7 _aViolencia en el arte
_9101766
650 1 7 _aViolencia
_xObras pictóricas
_9101767
650 1 7 _aPrisiones
_xObras pictóricas
_9101768
942 _cLIBRO
_2DEWEY
_a5
_e1
_h306.20222
_mD486h
_n0
999 _c318080
_d318080